| 000 | 00640nam a2200253Ia 4500 | ||
|---|---|---|---|
| 003 | OSt | ||
| 005 | 20140313142711.0 | ||
| 008 | 140130s9999 xx 000 0 und d | ||
| 020 | _a0590466012 | ||
| 050 |
_aPZ 8.3 _b.Y787Co 1995 |
||
| 100 | _aYoung, James. | ||
| 245 |
_cJames Young. _aThe cows are in the corn. / |
||
| 260 |
_bScholastic Inc., _cc1995. _aUSA : |
||
| 300 |
_a30 p. : _bcol. ill. ; _c23 cm. |
||
| 440 | _v1 | ||
| 521 | _aG1 | ||
| 526 | _c290 | ||
| 650 |
_aDomestic animals _xFiction. |
||
| 650 |
_aFarm life _xFiction. |
||
| 650 | _aStories in rhyme. | ||
| 942 |
_cBK _2lcc |
||
| 999 |
_c40118 _d40118 |
||